Statistics for Personas from Persona 3-5 (Deluxe)

Click here to take the quiz!

General Stats

  • This quiz has been taken 49 times
  • The average score is 37 of 71

Answer Stats

HintAnswer% Correct
Initial PersonaArsène
97%
Initial PersonaCaptain Kidd
95%
Initial PersonaIzanagi
95%
Initial PersonaRobin Hood
95%
Ultimate PersonaLoki
92%
Initial PersonaOrpheus
92%
Ultimate PersonaSatanael
92%
Initial PersonaCarmen
89%
Initial PersonaZorro
89%
Initial PersonaJohanna
84%
Initial PersonaGoemon
81%
Ultimate PersonaIzanagi-no-Okami
81%
Initial PersonaHermes
78%
Initial PersonaIo
76%
Ultimate PersonaMessiah
76%
Initial PersonaMilady
76%
Initial PersonaCerberus
73%
Initial PersonaJiraiya
73%
Ultimate PersonaCaesar
70%
Ultimate PersonaSusano-o
70%
Ultimate PersonaAthena
68%
Initial PersonaCendrillon
68%
Initial PersonaNecronomicon
68%
Initial PersonaPolydeuces
68%
Ultimate PersonaIsis
65%
Initial PersonaTomoe
62%
Final Persona (Royal)William
62%
Final Persona (Royal)Diego
59%
Ultimate PersonaAnat
57%
Initial PersonaCastor
57%
Ultimate PersonaHecate
57%
Initial PersonaNemesis
54%
Initial PersonaTake-Mikazuchi
54%
Initial PersonaHimiko
51%
Ultimate PersonaPrometheus
49%
Ultimate PersonaSeiten Taisei
49%
Ultimate PersonaTrismegistus
49%
Ultimate PersonaKala-Nemi
46%
Initial PersonaKonohana Sakuya
46%
Ultimate PersonaMercurius
46%
Initial PersonaPalladion
46%
Ultimate PersonaJuno
43%
Initial PersonaLucia
43%
Initial PersonaPenthesilea
43%
Final Persona (Royal)Gorokichi
41%
Ultimate PersonaKamu Susano-o
41%
Initial PersonaKintoki-Douji
41%
Final Persona (Royal)Ella
38%
Final Persona (Royal)Agnes
35%
Ultimate PersonaAmaterasu
35%
Ultimate PersonaArtemisia
35%
Final Persona (Royal)Hereward
35%
Ultimate PersonaKamui
35%
Final Persona (Royal)Al Azif
32%
Ultimate PersonaAstarte
32%
Ultimate PersonaKanzeon
32%
Final Persona (Royal)Lucy
32%
Initial Persona (FES)Psyche
32%
Initial PersonaSukuna-Hikona
32%
Ultimate PersonaVanadis
30%
Final Persona (Royal)Celestine
27%
Final Persona (Golden)Kouzeon
19%
Ultimate PersonaSuzuka Gongen
19%
Ultimate PersonaYamato Takeru
16%
Final Persona (Golden)Kamui-Moshiri
11%
Ultimate PersonaRokuten Maou
11%
Final Persona (Golden)Takehaya Susano-o
11%
Final Persona (Golden)Yamato Sumeragi
11%
Final Persona (Golden)Sumeo-Okami
8%
Final Persona (Golden)Haraedo-no-Okami
5%
Final Persona (Golden)Takeji-Zaiten
5%

Score Distribution

Percentile by Number Answered

Percent of People with Each Score

Your Score History

You have not taken this quiz